Vistas de México por D. T. Egerton (Record no. 3982)

MARC details
000 -CABECERA
campo de control de longitud fija 01585nam a2200349 a 4500
001 - NÚMERO DE CONTROL
campo de control BRCA_4271
005 - FECHA Y HORA DE LA ÚLTIMA TRANSACCIÓN
campo de control 20190320204617.0
008 - DATOS DE LONGITUD FIJA--INFORMACIÓN GENERAL
campo de control de longitud fija 780629r18401971mx-ah#####---#000-0#spa-#
041 ## - CÓDIGO DE LENGUA
Código de lengua del texto/banda sonora o título independiente spaeng
044 ## - CÓDIGO DEL PAÍS DE LA ENTIDAD EDITORA/PRODUCTORA
Código MARC del país mx
050 #4 - SIGNATURA TOPOGRÁFICA DE LA BIBLIOTECA DEL CONGRESO
Número de clasificación ND497.E3
Número de documento/Ítem .V57 1971
245 10 - MENCIÓN DE TÍTULO
Título Vistas de México por D. T. Egerton
Resto del título serie de doce litografías iluminadas a mano por el autor de sus dibujos originales acompañados de una breve descripción
Mención de responsabilidad, etc. edición facsimilar especial de Francisco Zamora Millet ; prólogo, traducción y biografía de Manuel Romero de Terreros ; colaboración de María Josefa Fernández de Henestrosa.
250 ## - MENCIÓN DE EDICIÓN
Mención de edición 2
260 ## - PUBLICACIÓN, DISTRIBUCIÓN, ETC.
Lugar de publicación, distribución, etc. México
Nombre del editor, distribuidor, etc. Francisco Zamora Millet
Fecha de publicación, distribución, etc. 1971
300 ## - DESCRIPCIÓN FÍSICA
Extensión 1 v. (sin paginación)
Otras características físicas il. a color
Dimensiones 63 cm.
500 ## - NOTA GENERAL
Nota general Título en cubierta: Egerton en México, 1830-1840
500 ## - NOTA GENERAL
Nota general Facsímil de: Egerton´s Views in Mexico ... Londres, 1840
500 ## - NOTA GENERAL
Nota general Estado físico: encuadernación deteriorada del lomo
500 ## - NOTA GENERAL
Nota general Por su formato NO se presta a domicilio
500 ## - NOTA GENERAL
Nota general Donación del Sr. Alfredo Vega Alarcón en junio de 2010
546 ## - NOTA DE LENGUA/LENGUAJE
Nota de lengua/lenguaje Texto en: español e inglés
600 14 - PUNTO DE ACCESO ADICIONAL DE MATERIA--NOMBRE DE PERSONA
Nombre de persona Egerton, Daniel Thomas
Fechas asociadas al nombre 1797-1842
9 (RLIN) 767
650 14 - PUNTO DE ACCESO ADICIONAL DE MATERIA--TÉRMINO DE MATERIA
Término de materia o nombre geográfico como elemento de entrada Viajeros ingleses
Subdivisión cronológica Siglo XIX
9 (RLIN) 91
651 #4 - PUNTO DE ACCESO ADICIONAL DE MATERIA--NOMBRE GEOGRÁFICO
Nombre geográfico México
Subdivisión general Descripción y viajes
9 (RLIN) 103
651 #4 - PUNTO DE ACCESO ADICIONAL DE MATERIA--NOMBRE GEOGRÁFICO
Nombre geográfico México
Subdivisión general Vida social y costumbres
9 (RLIN) 769
653 0# - TÉRMINO DE INDIZACIÓN--NO CONTROLADO
Término no controlado Vida cotidiana
653 0# - TÉRMINO DE INDIZACIÓN--NO CONTROLADO
Término no controlado Viajeros extranjeros en México
700 1# - PUNTO DE ACCESO ADICIONAL--NOMBRE DE PERSONA
Nombre de persona Romero de Terreros, Manuel
9 (RLIN) 11004
700 1# - PUNTO DE ACCESO ADICIONAL--NOMBRE DE PERSONA
Nombre de persona Fernández de Henestrosa, María Josefa
9 (RLIN) 11005
700 1# - PUNTO DE ACCESO ADICIONAL--NOMBRE DE PERSONA
Nombre de persona Zamora Millet, Francisco
9 (RLIN) 11006
942 ## - ELEMENTOS DE PUNTO DE ACCESO ADICIONAL (KOHA)
Fuente del sistema de clasificación o colocación Library of Congress Classification
Tipo de ítem Koha Libros
Holdings
Estado de retiro Estado de pérdida Estado dañado No para préstamo Localización permanente Ubicación/localización actual Fecha de adquisición Total de préstamos Signatura topográfica completa Código de barras Fecha visto por última vez Precio válido a partir de Tipo de ítem Koha
El ejemplar forma parte de la colección y puede ser consultado según las políticas vigentes.       Biblioteca del Museo Franz Mayer (Rogerio Casas-Alatriste) Biblioteca del Museo Franz Mayer (Rogerio Casas-Alatriste) 22/06/2010   ND497.E3 .V57 1971 00606 22/03/2019 22/03/2019 Libros